000 01287nam a2200241 a 4500
001 53507
003 BD-RjUL
005 20211209075955.0
008 161016s1955 ii ||||| |||| 00| 0 ben d
020 _c: Tk.10.00
035 _a(BD-RjUL)53628
040 _aBD-RjUL
_bben
_cBD-RjUL
_dBD-RjUL
041 _aben
082 _223
_a891.44109
_bRAY 1955
245 0 0 _aরায়শেখরের পদাবলী /
_cশ্রীযতীন্দ্রমোহন ভট্টাচার্য্য ও শ্রীদ্বারেশ্চন্দ্র শর্ম্মাচার্য্য সম্পাদিত
260 _aকলিকাতা :
_bকলিকাতা বিশ্ববিদ্যালয়,
_c১৯৫৫.
300 _a[২২], ৩৬৪ পৃ. ;
_c২৩ সেমি.
650 _aবাংলা কবিতা
_vইতিহাস ও সমালোচনা
_9117724
650 _aBengali Poetry
_vHistory and Criticism
_9117725
700 _aভট্টাচার্য্য, শ্রীযতীন্দ্রমোহন সম্পাদিত
_9159944
700 _aশর্ম্মাচার্য্য, শ্রীদ্বারেশ্চন্দ্র সম্পাদিত
_9159945
942 _2ddc
_cBK
999 _c53507
_d53507